LEADER 00774nam0-22002891i-450- 001 990001690180403321 005 20051021132402.0 035 $a000169018 035 $aFED01000169018 035 $a(Aleph)000169018FED01 035 $a000169018 100 $a20030910d1883----km-y0itay50------ba 101 0 $ager 200 1 $a<>besten Frutterpflanzen$fS. Stebler, E. Schroter 210 $aBern$cR.J. Wutz$d1883 215 $a3 v.$d30 cm 610 0 $aForaggere 676 $a633.2 700 1$aStebler,$bS.$0354520 701 1$aSchroter,$bE.$0354521 801 0$aIT$bUNINA$gRICA$2UNIMARC 901 $aBK 912 $a990001690180403321 952 $a60 633.3 A 1$b2125/2127$fFAGBC 959 $aFAGBC 996 $aBesten Frutterpflanzen$9361451 997 $aUNINA LEADER 03342nam 2200577 450 001 9910795613203321 005 20230629232541.0 010 $a1-64012-362-8 035 $a(CKB)5590000000447730 035 $a(OCoLC)1246577727 035 $a(MdBmJHUP)muse93354 035 $a(MiAaPQ)EBC6551094 035 $a(Au-PeEL)EBL6551094 035 $a(MiAaPQ)EBC6997532 035 $a(Au-PeEL)EBL6997532 035 $a(EXLCZ)995590000000447730 100 $a20211022d2021 ub 0 101 0 $aeng 135 $aur|||||||nn|n 181 $ctxt$2rdacontent 182 $cc$2rdamedia 183 $acr$2rdacarrier 200 10$a101 pat-downs $ean undercover look at airport security and the TSA /$fShawna Malvini Redden 210 1$aLincoln, Nebraska :$cPotomac Books,$d[2021] 210 4$d©2021 215 $a1 online resource 311 $a1-64012-464-0 320 $aIncludes bibliographical references (pages [245]-262) and index. 327 $aIntroduction: Going undercover in airport security -- From the Golden Age of flying to security theatre in ninety days flat: How September 11, 2001, changed airport security forever -- "My House, My Rules": On stereotypical transportation security officers -- Fear and loathing in airport security: On stereotypical passengers -- Is that a salami in your purse? (Or are you happy to see me?): On contraband confiscation -- "One Shoe, Two Shoes, Red Shoes, Blue Shoes": On shoe removal -- No crying over stolen shampoo: On liquids and gels -- Naked scanners are for perverts: On advanced imaging technology -- Meeting resistance: On enhanced pat-downs -- Risk-based security and other things that are good in theory -- Even pilots have pat-downs, sometimes: Flight crew tales -- On the front lines with "Screener Joe": On ideal transportation security officers -- Lemmings and sheeple: On ideal passengers -- Nice TSOs finish last: On mindful transportation security officers -- The traveling unicorn: On mindful passengers -- Traveling with identity baggage: How intersecting identities make security more difficult -- Conclusion: What an undercover look at airport security reveals about communication, emotion, and identity. 330 $a"101 Pat-Downs traces the history of airport security since September 11, 2001, introducing assorted "characters" of airport security, from passengers who check their brains with their baggage to TSA agents who break the stereotypes"--$cProvided by publisher. 606 $aAeronautics, Commercial$xSecurity measures 606 $aAirports$xEmployees$xSafety measures 606 $aAeronautics, Commercial$xPassenger traffic$xSecurity measures 606 $aTerrorism$xPrevention 606 $aAirports$xSecurity measures 606 $aAirports$xManagement 615 0$aAeronautics, Commercial$xSecurity measures. 615 0$aAirports$xEmployees$xSafety measures. 615 0$aAeronautics, Commercial$xPassenger traffic$xSecurity measures. 615 0$aTerrorism$xPrevention. 615 0$aAirports$xSecurity measures. 615 0$aAirports$xManagement. 676 $a363.28/760973 700 $aRedden$b Shawna Malvini$01504811 801 0$bMiAaPQ 801 1$bMiAaPQ 801 2$bMiAaPQ 906 $aBOOK 912 $a9910795613203321 996 $a101 pat-downs$93734037 997 $aUNINA LEADER 02183nas 2200577-a 450 001 9910231847003321 005 20240413022005.0 035 $a(DE-599)ZDB2749363-5 035 $a(CKB)110976725599488 035 $a(CONSER)---32032371- 035 $a(EXLCZ)99110976725599488 100 $a20770815b19282003 --- a 101 0 $aeng 181 $ctxt$2rdacontent 182 $cc$2rdamedia 183 $acr$2rdacarrier 200 04$aThe Australian surveyor $ea quarterly publication devoted to the interests of the surveying profession in Australia 210 $aBrisbane $cPublished for the Institutes of Surveyors in Queensland, New South Wales, Victoria, South Australia, Western Australia and Tasmania by the Queensland Institute of Surveyors$d[1928]- 215 $a1 online resource 300 $aPublished: Deakin, ACT : Institution of Surveyors, Australia Inc. 311 08$aPrint version: The Australian surveyor : 0005-0326 (DLC) 32032371 (OCoLC)3189538 531 $aAUSTRALIAN SURVEYOR 531 0 $aAust. surv. 606 $aSurveying$vPeriodicals 606 $aArpentage$vPériodiques 606 $aSurveying$2fast$3(OCoLC)fst01139579 606 $aGeodäsie$3(DE-588)4020202-1$2gnd 607 $aAustralia$vSurveys 607 $aAustralie$vLevés$vPériodiques 607 $aAustralia$2fast$1https://id.oclc.org/worldcat/entity/E39QbtfRv8PPH7gCqhkJ8DK8bM 608 $aZeitschrift. 608 $aPeriodicals.$2fast 608 $aSurveys.$2fast 608 $aPeriodicals.$2lcgft 615 0$aSurveying 615 6$aArpentage 615 7$aSurveying. 615 07$aGeodäsie. 676 $a526.905 712 02$aQueensland Institute of Surveyors. 712 02$aInstitution of Surveyors, New South Wales. 712 02$aVictorian Institute of Surveyors. 712 02$aInstitution of Surveyors, Western Australia. 712 02$aInstitute of Surveyors, Tasmania. 712 02$aSouth Australian Institute of Surveyors. 712 02$aInstitution of Surveyors, Australia. 906 $aJOURNAL 912 $a9910231847003321 920 $aexl_impl conversion 996 $aThe Australian surveyor$92378659 997 $aUNINA